| 000 | 01528nam a22002297a 4500 | ||
|---|---|---|---|
| 001 | 9608 | ||
| 003 | FISKH | ||
| 005 | 20260126100439.0 | ||
| 008 | 260126b cb ||||| |||| 00| 0 eng d | ||
| 020 | _a9780199238552 | ||
| 040 |
_aFISKH _beng _cFISKH _dFISKH |
||
| 050 | _aPT2621 .A26 .A6 | ||
| 082 | _a833.912 | ||
| 100 |
_aKafka, Franz _eAuthor |
||
| 245 |
_aThe metamorphosis : _band other stories / _cTranslated by Joyce Crick ; with an introduction and notes by Ritchie Robertson |
||
| 260 |
_aOxford : _bOxford University Press , _c2009 |
||
| 520 | _aWhen Gregor Samsa woke one morning from uneasy dreams, he found himself transformed into some kind of monstrous vermin. 'With a bewildering blend of the everyday and the fantastical, Kafka thus begins his most famous short story, The Metamorphosis. A commercial traveller is unexpectedly freed from his dreary job by his inexplicable transformation into an insect, which drastically alters his relationship with his family. Kafka considered publishing it with two of the stories included here in a volume to be called Punishments. The Judgement also concerns family tensions, when a power struggle between father and son ends with father passing an enigmatic judgement on the helpless son. The third story, In the Penal Colony, explores questions of power, justice, punishment, and the meaning of pain played out in a colonial setting. | ||
| 650 |
_aGerman literature _vExperience of illness |
||
| 650 |
_aShort stories _vFiction |
||
| 942 |
_2ddc _cBK _n0 |
||
| 999 |
_c9608 _d9608 |
||